000 00472nam a2200181Ia 4500
001 13966
005 20260306164839.0
008 260306t2003||||xx |||||||||||||| ||spa||
041 _aESP
082 _a005.74
_bK83
100 _aKroenke, David M.
_eAUT
245 0 _aProcesamiento de bases de datos:
_bfundamentos, diseño e implementación
260 _c2003
300 _axv, 671 páginas :
_c27 cm.
650 _aGEN
654 _aCCC
942 _cLIB
_dJUS
_fJUS
_2ddc
_n
999 _c13966
_d13966